Quang học kiến trúc /
Những kiến thức chung về kỹ thuật cơ sở của nghệ thuật chiếu sáng. Chiếu sáng tự nhiên. Chiếu sáng nhân tạo.
Đã lưu trong:
| Hovedforfatter: | |
|---|---|
| Andre forfattere: | |
| Format: | Bog |
| Sprog: | Vietnamese |
| Udgivet: |
Hà Nội :
Xây dựng,
1999.
|
| Fag: | |
| Tags: |
Tilføj Tag
Ingen Tags, Vær først til at tagge denne postø!
|
| Thư viện lưu trữ: | Mạng thư viện Đại học Đà Nẵng |
|---|
| LEADER | 01290cam a2200385 a 4500 | ||
|---|---|---|---|
| 001 | 000042604 | ||
| 003 | 478 | ||
| 005 | 20180105075312.0 | ||
| 008 | 010217b1999 vm 000 vie | ||
| 020 | |c 39000 | ||
| 022 | |a T | ||
| 040 | |a IRC |c IRC |d IRC | ||
| 041 | 0 | |a vie | |
| 082 | 1 | 4 | |a 729.28 |b VI-H |
| 100 | 1 | |a Việt Hà. | |
| 245 | 1 | 0 | |a Quang học kiến trúc / |c Việt Hà, Nguyễn Ngọc Giả. |
| 260 | |a Hà Nội : |b Xây dựng, |c 1999. | ||
| 300 | |a 300 tr. : |b ill. ; |c 27cm. | ||
| 520 | 3 | |a Những kiến thức chung về kỹ thuật cơ sở của nghệ thuật chiếu sáng. Chiếu sáng tự nhiên. Chiếu sáng nhân tạo. | |
| 630 | 0 | 4 | |a Quang học. |
| 650 | 0 | 4 | |a Kiến trúc |x Quang học. |
| 650 | 0 | 4 | |a Quang học. |
| 700 | 1 | |a Nguyễn Ngọc Giả. | |
| OWN | |a DUT | ||
| AVA | |a UDN50 |b DUT |c Book |d 729.28 VI-H |e available |t Error 5001 Not defined in file expand_doc_bib_avail. |f 2 |g 0 |h N |i 1 |j SH |k 1 | ||
| 999 | |a From the UDN01 | ||
| AVA | |a UDN50 |b DUT |c Book |d 729.28 VI-H |e available |t Error 5001 Not defined in file expand_doc_bib_avail. |f 2 |g 0 |h N |i 1 |j SH |k 1 | ||
| TYP | |a Monograph | ||
| TYP | |a Printed language | ||
| 980 | |a Mạng thư viện Đại học Đà Nẵng | ||